সাক্ষ্য আইনের ভাষ্য / (Record no. 39938)
[ view plain ]
| 000 -LEADER | |
|---|---|
| fixed length control field | 00792nam a2200229 a 4500 |
| 001 - CONTROL NUMBER | |
| control field | 39938 |
| 003 - CONTROL NUMBER IDENTIFIER | |
| rucl marc code | BD-RjUL |
| 005 - DATE AND TIME OF LATEST TRANSACTION | |
| control field | 20211209053109.0 |
| 008 - FIXED-LENGTH DATA ELEMENTS--GENERAL INFORMATION | |
| fixed length control field | 160420s1977 bg ||||| |||| 00| 0 ben d |
| 020 ## - INTERNATIONAL STANDARD BOOK NUMBER | |
| Terms of availability | : Tk.45.00 |
| 035 ## - SYSTEM CONTROL NUMBER | |
| System control number | (BD-RjUL)40052 |
| 040 ## - CATALOGING SOURCE | |
| Original cataloging agency | BD-RjUL |
| Language of cataloging | ben |
| Transcribing agency | BD-RjUL |
| 041 ## - LANGUAGE CODE | |
| Language code of text/sound track or separate title | ben |
| 082 ## - DEWEY DECIMAL CLASSIFICATION NUMBER | |
| Edition number | 23 |
| Classification number | 347.06 |
| Author mark and year | RAS 1977 |
| 100 ## - MAIN ENTRY--PERSONAL NAME | |
| Personal name | রহমান, গাজী শামছুর |
| 9 (RLIN) | 122657 |
| 245 10 - TITLE STATEMENT | |
| Title | সাক্ষ্য আইনের ভাষ্য / |
| Statement of responsibility, etc. | গাজী শামছুর রহমান |
| 260 ## - PUBLICATION, DISTRIBUTION, ETC. (IMPRINT) | |
| Place of publication, distribution, etc. | ঢাকা : |
| Name of publisher, distributor, etc. | বাংলা একাডেমী, |
| Date of publication, distribution, etc. | ১৯৯৭ |
| 300 ## - PHYSICAL DESCRIPTION | |
| Pagination | [৯] ৬২০ পৃ. ; |
| Size | ২১ সেমি. |
| 650 ## - SUBJECT ADDED ENTRY--TOPICAL TERM | |
| Topical term or geographic name as entry element | আইন |
| 9 (RLIN) | 123016 |
| General subdivision | সাক্ষ্য |
| Topical term or geographic name as entry element | Law |
| 9 (RLIN) | 123017 |
| General subdivision | Evidence |
| 942 ## - ADDED ENTRY ELEMENTS (KOHA) | |
| Source of classification or shelving scheme | Dewey Decimal Classification |
| Koha item type | Books |
| Lost status | Source of classification or shelving scheme | Damaged status | Not for loan | Collection code | Permanent Location | Current Location | Shelving location | Date acquired | Source of acquisition | Cost, normal purchase price | Total Checkouts | Full call number | Date last seen | Copy number | Koha item type | Date checked out |
|---|---|---|---|---|---|---|---|---|---|---|---|---|---|---|---|---|
| Dewey Decimal Classification | Not For Loan | Non-fiction | Central Library, University of Rajshahi | Central Library, University of Rajshahi | 25/08/2008 | Bangla Academy, Dhaka | 45.00 | B 347.06 RAS 1977 | 20/04/2016 | C-2 | Books | |||||
| Dewey Decimal Classification | Non-fiction | Central Library, University of Rajshahi | Central Library, University of Rajshahi | 23/08/1978 | ঢাকা : বাংলা একাডেমী | 45.00 | B 347.06 RAS 1977 | 07/08/2016 | C-3 | Books | ||||||
| Dewey Decimal Classification | Non-fiction | Central Library, University of Rajshahi | Central Library, University of Rajshahi | 23/08/1978 | ঢাকা : বাংলা একাডেমী | 45.00 | 3 | B 347.06 RAS 1977 | 26/12/2022 | C-4 | Books | 11/12/2022 | ||||
| Dewey Decimal Classification | Non-fiction | Central Library, University of Rajshahi | Central Library, University of Rajshahi | 24/08/1978 | Bangla Academy, Dhaka. | 45.00 | 2 | B 347.06 RAS 1977 | 08/11/2022 | C-5 | Books | 24/10/2022 | ||||
| Dewey Decimal Classification | Non-fiction | Central Library, University of Rajshahi | Central Library, University of Rajshahi | 24/08/1978 | Bangla Academy, Dhaka | 45.00 | B 347.06 RAS 1977 | 05/09/2016 | C-6 | Books | ||||||
| Dewey Decimal Classification | Not For Loan | Non-fiction | Central Library, University of Rajshahi | Central Library, University of Rajshahi | Reading Room | 26/06/1978 | Ureka Book Akademi, Rajshahi | 45.00 | B 347.06 RAS 1977 | 27/12/2016 | C-1 | Books |